LEADER 00994nam a2200205 i 4500 001 000000205089 003 CaOOAMICUS 005 20110816000000.0 008 110816s1947 it u000 u eng u 013 $a183823 040 $aSeMil$bita 245 10$aExchange of Letters by his excellency Harry S. Truman, President of the United States of America and his Holiness Pope Pius 12 :$bAugust 1947. 260 $a[S.l. :$bs.n.],$c1947. 300 $a66 p. ;$c22 cm. 600 14$aTruman, Harry .$0(OLS)http://semarc/subject/38591 600 04$aPio XII .$0(OLS)http://semarc/subject/687 850 $aSeMil 852 $aSeMil$W1$xVenegono$y1$m3U II 207$j155583$B155583$CSeMilBibl$Z2$F166897 $81 996 $6245$aExchange of Letters by his excellency Harry S. Truman, President of the United States of America and his Holiness Pope Pius 12 :$bAugust 1947$9(OLS)http://semarc/title/296930 996 $6260$a[S.l. :$bs.n.]$9(OLS)http://semarc/publisher/29751 LEADER 00998nam a2200205 i 4500 001 000000121096 003 CaOOAMICUS 005 20031209000000.0 008 031209s1913 gw u000 u ger u 013 $a93790 040 $aSeMil$bita 245 10$aGeschichte der Päpste :$bim Zeitalter der katholischen Reformation und Restauration : Julius 3., Marcellus 2. und Paul 4. (1550-1559) 250 $a1. bis 4. Auflage. 300 $aXL, 723 p. 500 $aContiene : Anhang : Ungedruckte Aktenstücke und archivalische Mitteilungen. 700 1 $aPastor, Ludwig : von <1854-1928>.$0(OLS)http://semarc/name/610 773 0 $tGeschichte der Päpste.$dFreiburg im Breisgau [etc.] : Herder, [19--]$gBand6$w()10674 850 $aSeMil 852 $aSeMil$W1$xVenegono$y1$m3B VI 11$j76204$B76204$CSeMilBibl$Z2$F77683 $81 996 $6245$aGeschichte der Päpste :$bim Zeitalter der katholischen Reformation und Restauration : Julius 3., Marcellus 2. und Paul 4. (1550-1559)$9(OLS)http://semarc/title/178259